00437nam a22001577a 450000500170000000800410001702000150005804100130007308200150008610000120010124500410011325000190015426000500017330000300022365000260025320240830104759.0240830b |||||||| |||| 00| 0 eng d a0406625263 aEnglish  a340.03 MOZ lEnglish aMozley and Whitley's Law Dictionary  aTenth Edition  aLondon: bButterworth and Company Ltd, c1988 bvii, 510 pages; c25 cm.  aLegal practice bLaw